[Event "VII Open Vallee d'Aoste A"]
[Site "Saint Vincent - Chatillon ITA"]
[Date "1999.02.11"]
[Round "6"]
[White "Martorelli, Antonio"]
[Black "Efimov, Igor"]
[Result "1/2-1/2"]
[WhiteElo "2346"]
[BlackElo "2494"]
[PlyCount "82"]
[EventDate "1999.02.06"]

1. e4 c5 2. Nf3 Nc6 3. d4 cxd4 4. Nxd4 e5 5. Nb5 Nf6 6. N1c3 d6 7. Bg5 a6 8.
Bxf6 gxf6 9. Na3 b5 10. Nd5 Bg7 11. c3 f5 12. exf5 Bxf5 13. Nc2 O-O 14. Nce3
Be4 15. Bd3 Bxd5 16. Nxd5 e4 17. Bc2 f5 18. Nf4 Qd7 19. Qh5 Ne5 20. O-O Rf6 21.
Nd5 Rff8 22. Nb6 Qe8 23. Qxe8 Raxe8 24. Rfd1 Rf6 25. a4 Rg6 26. axb5 axb5 27.
Nd5 Kh8 28. Nc7 Rg8 29. Bb3 Rc8 30. Nxb5 Nd3 31. Bc2 Nxb2 32. Nxd6 Nxd1 33.
Nxc8 Nxc3 34. Ra8 Bf8 35. h4 Kg7 36. Ra7+ Kf6 37. Rxh7 Rg8 38. Bb3 Rg7 39. Rxg7
Kxg7 40. Nb6 f4 41. Nd5 Nxd5 1/2-1/2

[Event "VII Open Vallee d'Aoste A"]
[Site "Saint Vincent - Chatillon ITA"]
[Date "1999.02.11"]
[Round "6"]
[White "Tomescu, Vlad"]
[Black "Godena, Michele"]
[Result "1/2-1/2"]
[WhiteElo "2436"]
[BlackElo "2552"]
[PlyCount "51"]
[EventDate "1999.02.06"]

1. e4 e5 2. Nc3 Nc6 3. Bc4 Nf6 4. d3 Na5 5. Nge2 c6 6. a3 Nxc4 7. dxc4 d6 8.
Qd3 Be7 9. Bg5 h6 10. Bxf6 Bxf6 11. Rd1 Be6 12. b3 Qa5 13. a4 Rd8 14. O-O O-O
15. Qf3 Bg5 16. Ng3 g6 17. Rd3 f5 18. Qd1 Qc5 19. exf5 gxf5 20. Nge4 fxe4 21.
Nxe4 Qb6 22. Qh5 Bf5 23. Nxg5 hxg5 24. Qxg5+ Kh8 25. Rh3+ Bxh3 26. Qh6+ 1/2-1/2

[Event "VII Open Vallee d'Aoste A"]
[Site "Saint Vincent - Chatillon ITA"]
[Date "1999.02.11"]
[Round "6"]
[White "Vallejo Pons, Francisco"]
[Black "Mantovani, Renzo"]
[Result "0-1"]
[WhiteElo "2494"]
[BlackElo "2377"]
[PlyCount "78"]
[EventDate "1999.02.06"]

1. Nf3 Nf6 2. c4 c6 3. d4 d5 4. Nc3 e6 5. e3 Nbd7 6. Qc2 a6 7. b3 b5 8. Be2 Bb7
9. O-O Be7 10. Rd1 O-O 11. Bb2 b4 12. Na4 Qb8 13. Ne5 Nxe5 14. dxe5 Nd7 15. f4
a5 16. Kh1 Qa7 17. Bd3 g6 18. cxd5 cxd5 19. Bd4 Qb8 20. Bb5 Rc8 21. Qe2 Bc6 22.
Bxc6 Rxc6 23. e4 dxe4 24. Qxe4 Qc7 25. Nb2 Rc8 26. Nc4 a4 27. h3 h5 28. g4 hxg4
29. hxg4 Bc5 30. Bb2 a3 31. Bd4 Nb6 32. Nd6 Bxd6 33. exd6 Rxd6 34. Qe5 f6 35.
Qxf6 Qh7+ 36. Kg1 Nd7 37. Qg5 Rd5 38. f5 exf5 39. gxf5 39... Rxf5 $138 0-1

[Event "VII Open Vallee d'Aoste A"]
[Site "Saint Vincent - Chatillon ITA"]
[Date "1999.02.11"]
[Round "6"]
[White "Ventura, Boris"]
[Black "Tatai, Stefano"]
[Result "0-1"]
[WhiteElo "2115"]
[BlackElo "2359"]
[PlyCount "70"]
[EventDate "1999.02.06"]

1. e4 c5 2. Nf3 a6 3. d4 cxd4 4. Nxd4 Nf6 5. Nc3 e5 6. Nde2 Bc5 7. Be3 Bxe3 8.
fxe3 O-O 9. Ng3 Qb6 10. Qd2 Qxb2 11. Rb1 Qa3 12. Bc4 d6 13. O-O Be6 14. Nd5
Bxd5 15. Bxd5 Nxd5 16. Qxd5 Qxe3+ 17. Kh1 Nd7 18. Qxd6 Qd4 19. Qxd4 exd4 20.
Rxb7 Nc5 21. Rc7 Ne6 22. Rd7 Rac8 23. Rf2 Rc4 24. h3 Ra4 25. Nf5 Rd8 26. Ra7
Rxa2 27. Ne7+ Kh8 28. Rxf7 Rxc2 29. Nd5 d3 30. Rxa6 Rc1+ 31. Kh2 d2 32. Ne3 Kg8
33. Rf2 Re1 34. Nd1 Rxd1 35. Rxe6 Re1 0-1

[Event "VII Open Vallee d'Aoste A"]
[Site "Saint Vincent - Chatillon ITA"]
[Date "1999.02.11"]
[Round "6"]
[White "Vezzosi, Paolo"]
[Black "Naumkin, Igor"]
[Result "0-1"]
[WhiteElo "2339"]
[BlackElo "2493"]
[PlyCount "48"]
[EventDate "1999.02.06"]

1. c4 e5 2. g3 Nf6 3. Bg2 c6 4. d4 exd4 5. Qxd4 d5 6. Nf3 Be7 7. O-O O-O 8.
cxd5 cxd5 9. Nc3 Nc6 10. Qa4 Be6 11. Rd1 a6 12. Bg5 b5 13. Qf4 h6 14. Bxf6 Bxf6
15. e4 g5 16. Qc1 d4 17. Nxb5 Rc8 18. Na3 d3 19. Qe3 Bxb2 20. Rxd3 Qa5 21. Rb1
Nb4 22. Rxb2 Nxd3 23. Qxd3 Rc3 24. Qd4 Qxa3 0-1

[Event "VII Open Vallee d'Aoste A"]
[Site "Saint Vincent - Chatillon ITA"]
[Date "1999.02.11"]
[Round "6"]
[White "Zelcic, Robert"]
[Black "Laketic, Gojko"]
[Result "1-0"]
[WhiteElo "2554"]
[BlackElo "2396"]
[PlyCount "157"]
[EventDate "1999.02.06"]

1. e4 Nf6 2. e5 Nd5 3. d4 d6 4. Nf3 Nb6 5. a4 a5 6. Bb5+ c6 7. Bd3 Bg4 8. exd6
exd6 9. O-O Be7 10. Re1 N8d7 11. Qe2 Nd5 12. Nc3 Nb4 13. Bg5 f6 14. Bf4 Nb6 15.
h3 Bc8 16. Rad1 d5 17. Nh4 Nxd3 18. Qh5+ g6 19. Nxg6 Nxf4 20. Nxf4+ Kd7 21. Rd2
Qg8 22. Rde2 Bd6 23. Ne6 Qg6 24. Qf3 Rg8 25. g3 Ra6 26. Kg2 Ra8 27. b3 Ra7 28.
Nd1 f5 29. Nb2 Na8 30. c4 b6 31. c5 Ba6 32. cxd6 Bxe2 33. Rxe2 Re8 34. Nf8+
Rxf8 35. Re7+ Kxd6 36. Rxa7 f4 37. Nd3 Nc7 38. Nxf4 Qf6 39. Qd3 Ne6 40. Qxh7
Nxf4+ 41. gxf4 Qd8 42. Qh5 c5 43. Qe5+ Kc6 44. dxc5 Re8 45. Rc7+ Qxc7 46. Qxe8+
Kxc5 47. Qe5 Qd8 48. Qc3+ Kd6 49. f5 Qe7 50. Qg3+ Kc6 51. Qc3+ Kd6 52. f6 Qh7
53. Qf3 Ke6 54. f7 Qg7+ 55. Kh2 Qe5+ 56. Kg2 Qg7+ 57. Kf1 Qa1+ 58. Ke2 Qb2+ 59.
Ke1 Qc1+ 60. Qd1 Qc3+ 61. Qd2 Qh8 62. f8=R Qxf8 63. Qe3+ Kd7 64. Qxb6 Qf3 65.
Qe3 Qf5 66. Kd2 Kd6 67. h4 Kd7 68. Qd4 Qf3 69. Qg7+ Kd8 70. Qg3 Qe4 71. h5 Qd4+
72. Kc2 Qe4+ 73. Qd3 Qg2 74. Qf5 Qh1 75. h6 Qxh6 76. Qxd5+ Kc8 77. Qxa5 Qf4 78.
Qc5+ Kb7 79. Qe3 1-0

[Event "VII Open Vallee d'Aoste A"]
[Site "Saint Vincent - Chatillon ITA"]
[Date "1999.02.12"]
[Round "7"]
[White "Belotti, Bruno"]
[Black "Vezzosi, Paolo"]
[Result "1/2-1/2"]
[WhiteElo "2441"]
[BlackElo "2339"]
[PlyCount "84"]
[EventDate "1999.02.06"]

1. e4 e6 2. d4 d5 3. Nc3 Bb4 4. e5 Qd7 5. a3 Bxc3+ 6. bxc3 b6 7. Qg4 f5 8. Qg3
Ba6 9. Bxa6 Nxa6 10. Ne2 c5 11. O-O Qf7 12. c4 Ne7 13. cxd5 Nxd5 14. c4 Ndc7
15. d5 exd5 16. cxd5 Qxd5 17. Bb2 O-O-O 18. Nf4 Qc4 19. Rac1 Qb5 20. Rb1 Rhg8
21. e6 Rde8 22. Qg5 Qc4 23. e7 Qf7 24. Rfe1 h6 25. Qh5 Rxe7 26. Rxe7 Qxe7 27.
Qxf5+ Qd7 28. Qg6 Rf8 29. g3 Rf7 30. Re1 Kb7 31. Nh5 Qd2 32. Rf1 Re7 33. Bxg7
Nd5 34. Bxh6 Qc3 35. Qd6 Nac7 36. Nf4 Re1 37. Nxd5 Rxf1+ 38. Kxf1 Qd3+ 39. Kg1
Nxd5 40. Qd7+ Ka6 41. Qa4+ Kb7 42. Qd7+ Ka6 1/2-1/2

[Event "VII Open Vallee d'Aoste A"]
[Site "Saint Vincent - Chatillon ITA"]
[Date "1999.02.12"]
[Round "7"]
[White "Castaldo, Folco"]
[Black "Lampic, Teo"]
[Result "0-1"]
[WhiteElo "2192"]
[BlackElo "2303"]
[PlyCount "204"]
[EventDate "1999.02.06"]

1. e4 e6 2. d4 d5 3. Nd2 Nf6 4. e5 Nfd7 5. Bd3 c5 6. c3 Nc6 7. Ne2 cxd4 8. cxd4
Qb6 9. O-O a5 10. Nf3 h6 11. h4 Ndb8 12. Nc3 Nb4 13. Bb1 Bd7 14. a3 N4c6 15.
Bc2 Na6 16. Be3 Rc8 17. Qd2 Be7 18. h5 Na7 19. Rab1 Qc6 20. Rfc1 b5 21. Bd3 Qb7
22. Qe2 Rc6 23. Nd1 Nb8 24. Nh2 b4 25. axb4 axb4 26. Qg4 Bf8 27. f4 Qc8 28. Qf3
Qd8 29. f5 Be7 30. Ng4 exf5 31. Bxf5 Bxf5 32. Qxf5 Qd7 33. Qf3 Nb5 34. Ndf2 O-O
35. Rxc6 Nxc6 36. Nxh6+ gxh6 37. Bxh6 Kh8 38. Bxf8 Bxf8 39. Qf6+ Bg7 40. Qg5
Qe7 41. Qxe7 Nxe7 42. Rd1 Nc6 43. Nd3 Bh6 44. Rf1 Be3+ 45. Kh1 Kg7 46. Rf6
Nbxd4 47. Rd6 Bg5 48. Rxd5 Be7 49. Rd7 b3 50. Nf4 Kh6 51. Nd5 Bg5 52. Rxf7 Nxe5
53. Rb7 Nd3 54. g4 Bc1 55. Ne7 Nc5 56. Rb6+ Kg5 57. Nc6 Bxb2 58. Nxd4 Bxd4 59.
Rb4 b2 60. Kg2 Nd3 61. Rb5+ Kxg4 62. h6 Kf4 63. h7 Ke3 64. Kg3 Kd2 65. Kf3 Kc3
66. Rxb2 Nxb2 67. Ke4 Kc4 68. Kf5 Kd5 69. Kg6 Ke6 70. Kg5 Kf7 71. Kf5 Kg7 72.
Ke4 Bc3 73. Kf5 Kxh7 74. Ke4 Kg6 75. Kf3 Kf5 76. Kg2 Nc4 77. Kf3 Bd4 78. Kg3
Ne5 79. Kh3 Kf4 80. Kh2 Kf3 81. Kh1 Nd3 82. Kh2 Be5+ 83. Kh1 Nf2+ 84. Kg1 Bf4
85. Kf1 Nh3 86. Ke1 Nf2 87. Kf1 Bh2 88. Ke1 Ne4 89. Kf1 Nd2+ 90. Ke1 Ke3 91.
Kd1 Kd3 92. Kc1 Nc4 93. Kd1 Bg3 94. Kc1 Bf2 95. Kd1 Nb2+ 96. Kc1 Kc3 97. Kb1
Kb3 98. Ka1 Be3 99. Kb1 Nc4 100. Ka1 Bc5 101. Kb1 Ba3 102. Ka1 Bb2+ 0-1

[Event "VII Open Vallee d'Aoste A"]
[Site "Saint Vincent - Chatillon ITA"]
[Date "1999.02.12"]
[Round "7"]
[White "De La Villa Garcia, Jesus Maria"]
[Black "Arlandi, Ennio"]
[Result "0-1"]
[WhiteElo "2478"]
[BlackElo "2445"]
[PlyCount "64"]
[EventDate "1999.02.06"]

1. e4 c5 2. Nf3 e6 3. d4 cxd4 4. Nxd4 Nf6 5. Nc3 d6 6. Be3 a6 7. Qd2 b5 8. f3
Nbd7 9. g4 h6 10. O-O-O Bb7 11. Bd3 b4 12. Nce2 d5 13. exd5 Bxd5 14. Nf4 Ne5
15. Nxd5 Qxd5 16. Kb1 Nc4 17. Bxc4 Qxc4 18. f4 Rd8 19. g5 Nd5 20. g6 Bc5 21.
gxf7+ Kxf7 22. Nc6 Qb5 23. Ne5+ Kg8 24. a4 Qb7 25. Bxc5 Nc3+ 26. Qxc3 Rxd1+ 27.
Rxd1 bxc3 28. b4 Kh7 29. Rd3 Rc8 30. Nd7 Qh1+ 31. Ka2 Qxh2 32. Rxc3 Qd2 0-1

[Event "VII Open Vallee d'Aoste A"]
[Site "Saint Vincent - Chatillon ITA"]
[Date "1999.02.12"]
[Round "7"]
[White "Godena, Michele"]
[Black "Manca, Federico"]
[Result "1-0"]
[WhiteElo "2552"]
[BlackElo "2393"]
[PlyCount "39"]
[EventDate "1999.02.06"]

1. e4 d6 2. d4 Nf6 3. Nc3 g6 4. Nf3 Bg7 5. Be3 c6 6. Qd2 O-O 7. Bh6 e5 8. Bxg7
Kxg7 9. dxe5 dxe5 10. Nxe5 Qe7 11. f4 Rd8 12. Bd3 b5 13. Qe3 Bb7 14. O-O Na6
15. a4 b4 16. Nd1 Qc5 17. Re1 Rd4 18. Nf2 Rad8 19. Bxa6 Bxa6 20. c3 1-0

[Event "VII Open Vallee d'Aoste A"]
[Site "Saint Vincent - Chatillon ITA"]
[Date "1999.02.12"]
[Round "7"]
[White "Laketic, Gojko"]
[Black "Cacco, Christian"]
[Result "1-0"]
[WhiteElo "2396"]
[BlackElo "2192"]
[PlyCount "113"]
[EventDate "1999.02.06"]

1. d4 Nf6 2. c4 g6 3. Nc3 Bg7 4. e4 d6 5. Nf3 O-O 6. Be2 e5 7. d5 Nh5 8. g3 a5
9. Bg5 Qe8 10. Nd2 Nf6 11. g4 c6 12. h4 h6 13. Be3 Nh7 14. h5 g5 15. Nf1 Qe7
16. Qd2 Nf6 17. f3 Rd8 18. Ng3 c5 19. Bd1 Ne8 20. Ba4 Nc7 21. Bf2 Bf8 22. O-O
Bd7 23. a3 Nba6 24. Nf5 Qe8 25. Bxd7 Qxd7 26. Qe2 Rdb8 27. Be1 a4 28. Qc2 b5
29. cxb5 Nxb5 30. Qxa4 Nb4 31. Qd1 Na6 32. Nxb5 Qxb5 33. Bc3 Qb3 34. Qxb3 Rxb3
35. Ne3 Nc7 36. Nc4 Ra4 37. Nd2 Rb8 38. b3 Ra6 39. a4 Be7 40. Rfb1 Rab6 41. Ba5
R6b7 42. Bxc7 Rxc7 43. Nc4 Kf8 44. Na5 Ra8 45. Nc6 Rb7 46. a5 Bd8 47. Kf1 Rb5
48. a6 Bb6 49. a7 Ke8 50. Ke2 Kd7 51. Kd3 Bc7 52. Kc4 Rb7 53. b4 cxb4 54. Rxb4
Bb6 55. Rab1 Kc7 56. Rb5 f6 57. R1b4 1-0

[Event "VII Open Vallee d'Aoste A"]
[Site "Saint Vincent - Chatillon ITA"]
[Date "1999.02.12"]
[Round "7"]
[White "Mantovani, Renzo"]
[Black "Davies, Nigel R."]
[Result "0-1"]
[WhiteElo "2377"]
[BlackElo "2515"]
[PlyCount "84"]
[EventDate "1999.02.06"]

1. d4 Nf6 2. Nf3 c5 3. d5 b5 4. a4 b4 5. c4 e6 6. dxe6 fxe6 7. g3 Bb7 8. Bg2
Be7 9. O-O O-O 10. Bf4 Nc6 11. Nbd2 Na5 12. Qc2 Nh5 13. Be3 Rc8 14. Rad1 Nf6
15. h4 Qe8 16. Bg5 Kh8 17. Bxf6 gxf6 18. Nb3 Nc6 19. Qd2 Nb8 20. Qe3 Bc6 21.
Ra1 Rg8 22. Nbd2 Qg6 23. Ne1 f5 24. Ndf3 Qg7 25. Nd3 Bf6 26. Rab1 Be4 27. b3
Nc6 28. Rbd1 Nd4 29. Nf4 Bxf3 30. exf3 Qh6 31. Rd3 e5 32. Nd5 f4 33. Qd2 Bxh4
34. Rd1 Qg7 35. g4 h5 36. Bh3 Rc6 37. Kh1 Rg6 38. Rg1 d6 39. Rg2 Qh7 40. Rh2
Rh6 41. Qd1 hxg4 42. Bxg4 Bg3 0-1

[Event "VII Open Vallee d'Aoste A"]
[Site "Saint Vincent - Chatillon ITA"]
[Date "1999.02.12"]
[Round "7"]
[White "Naumkin, Igor"]
[Black "Hickl, Joerg"]
[Result "1-0"]
[WhiteElo "2493"]
[BlackElo "2575"]
[PlyCount "93"]
[EventDate "1999.02.06"]

1. d4 d6 2. c4 e5 3. Nc3 Nd7 4. Nf3 c6 5. e4 Ngf6 6. Be2 Be7 7. O-O O-O 8. Re1
a6 9. Bf1 b5 10. a3 Bb7 11. h3 Re8 12. Be3 exd4 13. Bxd4 Bf8 14. Qc2 Qc7 15.
Rac1 Rac8 16. Qb1 Qb8 17. b4 h6 18. Nd2 Re6 19. g3 Rce8 20. Bg2 g6 21. f4 Bg7
22. Bf2 bxc4 23. Nxc4 h5 24. Qd3 h4 25. g4 c5 26. Bxh4 cxb4 27. axb4 d5 28.
exd5 Rxe1+ 29. Rxe1 Rxe1+ 30. Bxe1 Qxf4 31. Ne2 Qb8 32. Na5 Ne5 33. Qb3 Ba8 34.
Bg3 Nfd7 35. Nc6 Qd6 36. Qe3 Kh7 37. Kh2 Qf6 38. g5 Qd6 39. Qa7 Qf8 40. Qxa6
Qe8 41. Ned4 Nxc6 42. dxc6 Qe3 43. Nc2 Qc3 44. Qxa8 Be5 45. Bxe5 Nxe5 46. Qa1
Nf3+ 47. Kh1 1-0

[Event "VII Open Vallee d'Aoste A"]
[Site "Saint Vincent - Chatillon ITA"]
[Date "1999.02.12"]
[Round "7"]
[White "Sarno, Spartaco"]
[Black "Cebalo, Miso"]
[Result "1/2-1/2"]
[WhiteElo "2358"]
[BlackElo "2511"]
[PlyCount "64"]
[EventDate "1999.02.06"]

1. Nf3 c5 2. c4 Nc6 3. b3 e5 4. d3 g6 5. Nc3 Bg7 6. Bg5 f6 7. Bd2 Nge7 8. h4 d5
9. h5 Be6 10. e4 dxc4 11. bxc4 Nd4 12. Nxd4 exd4 13. Nd5 Nc6 14. Rb1 b6 15.
hxg6 hxg6 16. Rxh8+ Bxh8 17. Qf3 Kf7 18. Qg3 Qd7 19. Be2 Rg8 20. Qh2 Bg7 21.
Qc7 Qxc7 22. Nxc7 Rh8 23. f4 Rh1+ 24. Bf1 Bg4 25. Kf2 g5 26. fxg5 Kg6 27. Ne8
Ne5 28. Nxg7 Kxg7 29. a4 Bh5 30. gxf6+ Kxf6 31. Re1 Be8 32. Bf4 Ng4+ 1/2-1/2

[Event "VII Open Vallee d'Aoste A"]
[Site "Saint Vincent - Chatillon ITA"]
[Date "1999.02.12"]
[Round "7"]
[White "Sedina, Elena"]
[Black "Vera Gonzalez-Quevedo, Reynaldo"]
[Result "1/2-1/2"]
[WhiteElo "2374"]
[BlackElo "2547"]
[PlyCount "102"]
[EventDate "1999.02.06"]

1. e4 c5 2. Nf3 d6 3. Bb5+ Nd7 4. O-O Ngf6 5. Re1 a6 6. Bf1 b6 7. d4 cxd4 8.
Nxd4 Bb7 9. f3 e6 10. a4 Be7 11. Be3 d5 12. exd5 Nxd5 13. Bf2 O-O 14. Nd2 Re8
15. Ne4 g6 16. c4 Nb4 17. Nb3 Bxe4 18. Rxe4 Nc5 19. Nxc5 Bxc5 20. Qxd8 Raxd8
21. a5 f5 22. Re2 Rd6 23. axb6 Bxf2+ 24. Rxf2 Rxb6 25. Rd2 Kf7 26. c5 Rc6 27.
Ra4 Rb8 28. Rd7+ Kf6 29. Rd4 Nc2 30. Rd6 Rxd6 31. cxd6 Rxb2 32. Rxa6 Ne3 33.
Ra3 f4 34. d7 Rd2 35. Bb5 Rxg2+ 36. Kh1 Rd2 37. Kg1 Rg2+ 38. Kh1 Rd2 39. h3
Rd1+ 40. Kh2 Rd2+ 41. Kg1 Rd1+ 42. Kf2 Rd5 43. Bc6 Rd2+ 44. Ke1 Rxd7 45. Rxe3
Rc7 46. Rc3 Kg5 47. Kf2 Kh4 48. Kg2 g5 49. Rc2 h5 50. Be4 Rxc2+ 51. Bxc2 g4
1/2-1/2

[Event "VII Open Vallee d'Aoste A"]
[Site "Saint Vincent - Chatillon ITA"]
[Date "1999.02.12"]
[Round "7"]
[White "Sulava, Nenad"]
[Black "Zelcic, Robert"]
[Result "0-1"]
[WhiteElo "2466"]
[BlackElo "2554"]
[PlyCount "86"]
[EventDate "1999.02.06"]

1. Nf3 Nf6 2. c4 e6 3. g3 a6 4. Nc3 d5 5. d4 dxc4 6. Bg2 b5 7. Ne5 Ra7 8. e4
Bb7 9. Be3 Ra8 10. O-O Nbd7 11. f4 Bb4 12. d5 exd5 13. exd5 O-O 14. Nc6 Bxc6
15. dxc6 Nc5 16. a3 Bxc3 17. bxc3 Nd3 18. Bd4 Re8 19. Ra2 Qd6 20. Re2 Qxa3 21.
Re5 Qd6 22. Qe2 b4 23. g4 bxc3 24. Bxc3 Nxe5 25. fxe5 Qc5+ 26. Kh1 Nd5 27. e6
f6 28. Bd2 c3 29. Bc1 Rad8 30. g5 Qe7 31. Bxd5 Rxd5 32. gxf6 gxf6 33. Qg2+ Rg5
34. Bxg5 fxg5 35. Re1 Qf6 36. h4 Qf4 37. Qxg5+ Qxg5 38. hxg5 Kg7 39. Kg2 Kg6
40. Re5 c2 41. Rc5 Rxe6 42. Rxc2 Kxg5 43. Kf3 Kf5 0-1

[Event "VII Open Vallee d'Aoste A"]
[Site "Saint Vincent - Chatillon ITA"]
[Date "1999.02.12"]
[Round "7"]
[White "Tatai, Stefano"]
[Black "Pulito, Alberto"]
[Result "1-0"]
[WhiteElo "2359"]
[BlackElo "2057"]
[PlyCount "61"]
[EventDate "1999.02.06"]

1. d4 Nf6 2. c4 g6 3. Nc3 Bg7 4. e4 d6 5. Nf3 O-O 6. Be3 Nc6 7. d5 Nb8 8. h3 e5
9. g4 Ne8 10. Bd3 a5 11. Qd2 Na6 12. O-O-O Nc5 13. Bc2 Bd7 14. b3 Qb8 15. a4 b6
16. Rdg1 Qc8 17. Qe2 Rb8 18. Nd2 Nf6 19. f3 Ne8 20. h4 Qd8 21. Nf1 Nf6 22. Ng3
Re8 23. h5 Bc8 24. Qh2 Bb7 25. hxg6 hxg6 26. Nf5 gxf5 27. gxf5 Kf8 28. Rxg7 Ke7
29. Qh6 Rh8 30. Rxf7+ Kxf7 31. Qg6+ 1-0

[Event "VII Open Vallee d'Aoste A"]
[Site "Saint Vincent - Chatillon ITA"]
[Date "1999.02.12"]
[Round "7"]
[White "Tomescu, Vlad"]
[Black "Martorelli, Antonio"]
[Result "1-0"]
[WhiteElo "2436"]
[BlackElo "2346"]
[PlyCount "81"]
[EventDate "1999.02.06"]

1. e4 c5 2. Nf3 e6 3. d4 cxd4 4. Nxd4 a6 5. Bd3 Nc6 6. Nxc6 dxc6 7. O-O e5 8.
Nd2 Bd6 9. Nc4 Bc7 10. a4 Nf6 11. h3 O-O 12. Qf3 Nd7 13. b3 Re8 14. Ba3 Nf8 15.
Rfd1 Ne6 16. c3 Nf4 17. Bf1 Qg5 18. Kh2 h5 19. Nd6 Bxd6 20. Rxd6 h4 21. Rad1
Be6 22. c4 Rad8 23. Bc1 Rxd6 24. Rxd6 Qe7 25. c5 Ng6 26. Qd1 Nf8 27. b4 Ng6 28.
Qh5 Qf6 29. Be3 Nf4 30. Qf3 Rd8 31. Qd1 Re8 32. Bc1 Nxh3 33. gxh3 Qxf2+ 34. Kh1
Bb3 35. Qe2 Qg3 36. a5 Ba4 37. Qg2 Qe1 38. Bh6 g6 39. Rxg6+ Kh7 40. Rg7+ Kh8
41. Rh7+ 1-0

[Event "VII Open Vallee d'Aoste A"]
[Site "Saint Vincent - Chatillon ITA"]
[Date "1999.02.12"]
[Round "7"]
[White "Zinani, Alessandro"]
[Black "De la Riva Aguado, Oscar"]
[Result "0-1"]
[WhiteElo "2178"]
[BlackElo "2495"]
[PlyCount "68"]
[EventDate "1999.02.06"]

1. d4 g6 2. Nf3 Bg7 3. g3 f5 4. Bg2 Nf6 5. O-O O-O 6. c3 d6 7. Qb3+ e6 8. Ng5
d5 9. Nf3 Nc6 10. Bf4 Ne4 11. h4 h6 12. Be5 Nxe5 13. Nxe5 g5 14. hxg5 hxg5 15.
Qc2 Qd6 16. Nd3 b6 17. Nd2 c5 18. dxc5 bxc5 19. c4 Rb8 20. cxd5 Nxd2 21. Qxd2
c4 22. Ne1 g4 23. Rc1 Rxb2 24. Rc2 c3 25. Qg5 Qd8 26. Qe3 exd5 27. Qxa7 Be6 28.
Qa3 Qc7 29. Qa6 Bf7 30. Rc1 d4 31. a3 Bc4 32. Qg6 Rxe2 33. Rc2 Re6 34. Qg5 Qe7
0-1

[Event "VII Open Vallee d'Aoste A"]
[Site "Saint Vincent - Chatillon ITA"]
[Date "1999.02.13"]
[Round "8"]
[White "Arlandi, Ennio"]
[Black "Naumkin, Igor"]
[Result "1-0"]
[WhiteElo "2445"]
[BlackElo "2493"]
[PlyCount "79"]
[EventDate "1999.02.06"]

1. d4 Nf6 2. c4 e6 3. Nc3 Bb4 4. Qc2 Nc6 5. Nf3 d5 6. e3 O-O 7. a3 Bxc3+ 8.
Qxc3 a5 9. b3 Bd7 10. Bb2 a4 11. b4 dxc4 12. Bxc4 Na7 13. d5 Qe7 14. dxe6 Bxe6
15. O-O Bxc4 16. Qxc4 c6 17. Nd4 Qe4 18. Rac1 Rfd8 19. Qe2 Qg6 20. Rfd1 h6 21.
f3 Nd5 22. e4 Nf4 23. Qf1 Ne6 24. Nf5 Kh7 25. Nd6 Rd7 26. Nc4 Re7 27. Nb6 Rae8
28. Nxa4 f5 29. e5 Nb5 30. Nb6 Nbc7 31. Rc4 f4 32. Qd3 Qxd3 33. Rxd3 g5 34. Rc2
Kg6 35. Rcd2 Rg8 36. Nd7 Nd5 37. Nf6 Nxf6 38. exf6 Rf7 39. Rd7 Rgf8 40. Re7 1-0

[Event "VII Open Vallee d'Aoste A"]
[Site "Saint Vincent - Chatillon ITA"]
[Date "1999.02.13"]
[Round "8"]
[White "Artizzu, Giulio"]
[Black "Luciani, Valerio"]
[Result "1/2-1/2"]
[WhiteElo "1738"]
[BlackElo "2238"]
[PlyCount "58"]
[EventDate "1999.02.06"]

1. e4 e6 2. d4 d5 3. Nd2 c5 4. exd5 exd5 5. Ngf3 Nc6 6. dxc5 Bxc5 7. Nb3 Bd6 8.
Bd3 Nge7 9. Be3 O-O 10. c3 f6 11. Qc2 g6 12. O-O-O Nf5 13. h4 Nxe3 14. fxe3 Kg7
15. h5 Ne7 16. Nbd4 Bd7 17. Nh4 Qe8 18. hxg6 hxg6 19. Nxg6 Nxg6 20. Bf5 Rh8 21.
Rxh8 Nxh8 22. Rh1 Nf7 23. Rh7+ Kf8 24. Bxd7 Qxd7 25. Qg6 Ke8 26. Rh8+ Bf8 27.
Nf5 Qd8 28. Ng7+ Ke7 29. Nf5+ Ke8 1/2-1/2

[Event "VII Open Vallee d'Aoste A"]
[Site "Saint Vincent - Chatillon ITA"]
[Date "1999.02.13"]
[Round "8"]
[White "Astengo, Corrado"]
[Black "Genocchio, Daniele"]
[Result "1-0"]
[WhiteElo "2191"]
[BlackElo "2247"]
[PlyCount "53"]
[EventDate "1999.02.06"]

1. e4 c5 2. Nf3 Nc6 3. d4 cxd4 4. Nxd4 g6 5. Nc3 Bg7 6. Be3 Nf6 7. Nxc6 bxc6 8.
e5 Ng8 9. Bd4 Nh6 10. e6 O-O 11. Bxg7 Kxg7 12. exd7 Bxd7 13. Qd4+ e5 14. Qxe5+
f6 15. Qc5 Re8+ 16. Be2 Nf5 17. O-O-O Re5 18. Qa3 Qe8 19. Bf3 a5 20. Ne4 Nh4
21. Qd6 Be6 22. Qc7+ Qf7 23. Qxf7+ Bxf7 24. Rd7 Nxf3 25. gxf3 Rd5 26. Rd1 g5
27. R1xd5 1-0

[Event "VII Open Vallee d'Aoste A"]
[Site "Saint Vincent - Chatillon ITA"]
[Date "1999.02.13"]
[Round "8"]
[White "Cebalo, Miso"]
[Black "Sedina, Elena"]
[Result "1/2-1/2"]
[WhiteElo "2511"]
[BlackElo "2374"]
[PlyCount "87"]
[EventDate "1999.02.06"]

1. d4 Nf6 2. Nf3 d5 3. c4 c6 4. Nc3 dxc4 5. a4 Bf5 6. Nh4 e6 7. Nxf5 exf5 8. e3
Bb4 9. Bxc4 O-O 10. h3 Nbd7 11. Qf3 Qa5 12. Bd2 Ne4 13. Ke2 c5 14. Qxf5 Nxd2
15. Bd3 g6 16. Qxd7 cxd4 17. Na2 dxe3 18. Qb5 Qxb5 19. axb5 Be7 20. fxe3 Nb3
21. Rad1 Rae8 22. Bc4 Bg5 23. Nc3 Rxe3+ 24. Kf2 Nc5 25. Rd5 Ne4+ 26. Nxe4 Rxe4
27. b3 Be3+ 28. Kg3 Re7 29. Rhd1 Kg7 30. Rd7 Rfe8 31. Rxe7 Rxe7 32. Kf3 Bb6 33.
g4 Re3+ 34. Kg2 Re7 35. Kf3 h5 36. gxh5 gxh5 37. Rd3 Kg6 38. h4 f6 39. Bd5 Ba5
40. Be4+ Kg7 41. Rd5 Kh6 42. Rd6 Kg7 43. Rd5 Kh6 44. Rd6 1/2-1/2

[Event "VII Open Vallee d'Aoste A"]
[Site "Saint Vincent - Chatillon ITA"]
[Date "1999.02.13"]
[Round "8"]
[White "Drasko, Milan"]
[Black "Glek, Igor V."]
[Result "1-0"]
[WhiteElo "2505"]
[BlackElo "2566"]
[PlyCount "79"]
[EventDate "1999.02.06"]

1. d4 Nf6 2. c4 g6 3. Nf3 Bg7 4. g3 c6 5. Bg2 d5 6. cxd5 cxd5 7. Ne5 e6 8. Nc3
Nfd7 9. Nxd7 Bxd7 10. O-O O-O 11. e3 a5 12. Bd2 Na6 13. Qb3 Bc6 14. Rfc1 Qd7
15. Ne2 Ba4 16. Qb6 Bf6 17. Qxa5 b6 18. Qc3 Rfc8 19. Qa3 Bc2 20. e4 Bxe4 21.
Rxc8+ Qxc8 22. Rc1 Qb7 23. f3 Nc7 24. Rxc7 Qxc7 25. Qxa8+ Kg7 26. fxe4 Qc2 27.
e5 Be7 28. Qe8 Qxd2 29. Qxe7 Qxe2 30. Qf6+ Kg8 31. Qf2 Qd1+ 32. Bf1 b5 33. a3
h5 34. Qe3 h4 35. gxh4 Qg4+ 36. Kh1 Qxh4 37. Bxb5 Qg4 38. Be2 Qf5 39. Kg2 Qc2
40. b4 1-0

[Event "VII Open Vallee d'Aoste A"]
[Site "Saint Vincent - Chatillon ITA"]
[Date "1999.02.13"]
[Round "8"]
[White "Efimov, Igor"]
[Black "De La Villa Garcia, Jesus Maria"]
[Result "0-1"]
[WhiteElo "2494"]
[BlackElo "2478"]
[PlyCount "84"]
[EventDate "1999.02.06"]

1. d4 Nf6 2. Nf3 g6 3. b4 Bg7 4. Bb2 O-O 5. e3 d6 6. Be2 e5 7. c4 exd4 8. exd4
d5 9. c5 Ne4 10. O-O b6 11. Nc3 bxc5 12. bxc5 Nc6 13. Qa4 Rb8 14. Rab1 Bf5 15.
Nd1 Ng5 16. Rc1 Re8 17. Ne3 Rxb2 18. Nxg5 Rxe2 19. Qxc6 R8xe3 20. Nxf7 Qe8 21.
Qxd5 Be6 22. Qb7 Bxf7 23. fxe3 Qxe3+ 24. Kh1 Bxd4 25. Qxc7 Qe7 26. Qxe7 Rxe7
27. Rfd1 Be3 28. Rc3 Bxa2 29. c6 Bb6 30. Rf3 Bd5 31. Rf6 Re2 32. h4 Bxg2+ 33.
Kh2 Bxc6+ 34. Kg3 Ba4 35. Rc1 Kg7 36. Rd6 Re7 37. h5 Bc7 38. Rxc7 Rxc7 39. Kg4
gxh5+ 40. Kxh5 Rc5+ 41. Kg4 Rc7 42. Kh5 Bc2 0-1

[Event "VII Open Vallee d'Aoste A"]
[Site "Saint Vincent - Chatillon ITA"]
[Date "1999.02.13"]
[Round "8"]
[White "Franco Ocampos, Zenon"]
[Black "Chatalbashev, Boris"]
[Result "1/2-1/2"]
[WhiteElo "2463"]
[BlackElo "2524"]
[PlyCount "31"]
[EventDate "1999.02.06"]

1. d4 Nf6 2. Nf3 g6 3. c4 c5 4. Nc3 cxd4 5. Nxd4 Bg7 6. e4 O-O 7. Be2 Nc6 8.
Be3 b6 9. O-O Bb7 10. f3 Qb8 11. Qd2 Rd8 12. Rfd1 d6 13. Rac1 Rd7 14. a3 Qf8
15. b4 e6 16. Bf1 1/2-1/2